| 000 | 00412nam a22001697a 4500 | ||
|---|---|---|---|
| 003 | NUST - PNEC | ||
| 005 | 20170116181153.0 | ||
| 008 | 160105b xxu||||| |||| 00| 0 eng d | ||
| 020 | _a- | ||
| 040 | _cLIBRARY | ||
| 082 | _a297.3822 ILY | ||
| 100 |
_915670 _aIlyas, Attar Qadri |
||
| 245 |
_aNamaz ke ehkam _cMohammad Ilyas Attar Qadri Rizvi |
||
| 260 | _aKarachi: | ||
| 650 | _xGeneral | ||
| 942 |
_2ddc _cBK |
||
| 999 |
_c71077 _d71077 |
||